000 00295nam a22001337a 4500
003 SGT
020 _a8172242873
082 _a920
_bA64C
100 _aCHAUDHURI, NIRAD C.
245 _aAUTOBIOGRAPHY OF AN UNKNOWN INDIAN
260 _bJAICO PUBLISHING
_c1964
300 _a610
942 _2ddc
_cBK
999 _c32037
_d32037